Responses for Show #5054 - Thursday, July 27, 2006

Celeste DiNucci game 6.

Contestants

[<< previous game]

Danelle Johnson, a postal clerk from Salt Lake City, Utah

Eugene Manning, a U.S. Army specialist from Honolulu, Hawaii

Celeste DiNucci, a grad student from Philadelphia, Pennsylvania (whose 5-day cash winnings total $83,601)

[next game >>]

Jeopardy! Round responses

CONNECT UP WITH CONNECTICUT
BEAR STUFF
THE 2005 GREENSBORO MAYORAL RACE
(Alex: Greensboro, North Carolina actual write-in vote-getters. You're gonna love 'em.)
GREAT PEOPLE OF HISTORY
RESTAURANTS
3-LETTER WORDS
    $200 26
nutmeg

Celeste
    $200 16
Elvis

Celeste
    $200 8
Yoda

Celeste
    $200 2
Alexander the Great

Eugene
    $200 1
a spoon

Danelle
    $200 21
bee

Danelle
    $400 27
Nathan Hale

Eugene
    $400 17
its 100-year anniversary

Eugene
    $400 9
Jughead

Danelle
    $400 3
Charlemagne

Celeste
    $400 4
(Danelle: What is a café?)
(Celeste: What's a trattorio?)

a trattoria

CelesteEugeneDanelle
    $400 22
Nod

Danelle
    $600 28
Tom Thumb

Triple Stumper
    $600 18
the Care Bears

Danelle
    $600 10
John Doe

Danelle
    $600 13
the Persian Empire

Celeste
    $600 5
wasabi

Danelle
    $600 23
mob

Danelle
    $800 29
(Christopher) Dodd

Danelle
    $1,000 19
(Alex: You're right. You go out in the woods today.)

teddy bear's picnic

Danelle
    $800 11
Rush Limbaugh

Danelle
    $800 14
Ramses the Great

Eugene
    $800 6
Florence

Eugene
    $800 24
ray

Celeste
    $1000 30
the Coast Guard Academy

Eugene
    $1000 20
Steiff

Celeste
    $1000 12
Donald Duck

Eugene
    $1000 15
(Danelle: Who is Solomon?)
(Eugene: Who is David?)

Herod the Great

EugeneDanelle
Triple Stumper
    $1000 7
(Alex: Correct. Grasfresser--grass-eaters.)
(Celeste: Great!)

a vegetarian restaurant

Celeste
    $1000 25
ale

Celeste

Scores at the first commercial break (after clue 15):

Celeste Eugene Danelle
$1,800 $2,200 $1,200

Scores at the end of the Jeopardy! Round:

Celeste Eugene Danelle
$5,000 $4,000 $4,800

Double Jeopardy! Round responses

BODIES OF WATER
SPORTS ILLUSTRATED SPORTSMAN OF THE YEAR
MUSIC
ALLITERATIVE FILL IN THE BLANK
GRAVEYARD SHIFT
"E" BAY
    $400 21
Lake Geneva

Eugene
    $400 6
Tiger Woods

Celeste
    $400 7
harmonies

Eugene
    $400 12
weak & weary

Danelle
    $400 1
(Danelle: Who is da Vinci?)

Galileo

EugeneDanelle
    $400 26
Ethiopia

Danelle
    $800 22
(Danelle: What is the Snake River?)

the Columbia

CelesteDanelle
    $800 13
Michael Jordan

Danelle
    $2,000 8
pianos

Eugene
    $800 17
burning bright

Eugene
    $800 2
Shelley

Eugene
    $800 27
ecology

Celeste
    $1200 23
the Philippines

Celeste
    $1200 14
the Red Sox

Danelle
    $1200 9
viola

Eugene
    $1200 18
water, water

Danelle
    $1200 3
Poltergeist

Eugene
    $1200 28
the Enola Gay

Celeste
    $1600 24
the Colorado River

Eugene
    $1600 15
[Alex called him "Stevie Cauthen" when giving the correct response.]

Steve Cauthen

Triple Stumper
    $1600 10
(Celeste: Uh...)
(Alex: Hurry.)
(Celeste: Uh, wha--uh, no.)

register

Celeste
Triple Stumper
    $1600 19
red, red rose

Eugene
    $1600 4
Cromwell

Eugene
    $1600 29
an establishing shot

Celeste
    $1,000 25
(Eugene: I don't know.)

the Ross Sea

Eugene
    $2000 16
Ingemar Johansson

Triple Stumper
    $2000 11
a triad

Celeste
    $2000 20
(Celseste: What is dank and deep?)

dark & deep

CelesteEugene
    $2000 5
Peary

Danelle
    $2000 30
(Eugene: Who is Cotton Mather?)
(Celeste: Who is Edmunds?)

Jonathan Edwards

CelesteEugene
Triple Stumper

Scores at the end of the Double Jeopardy! Round:

Celeste Eugene Danelle
$7,400 $15,000 $9,600

[wagering suggestions for these scores]

Final Jeopardy! Round responses

AMERICAN WOMEN AUTHORS
CelesteWho is Potter?
$7,400
DanelleWho is Willa Cather?
$5,000
EugeneWho is ?
$5,000
Louisa May Alcott

Final scores:

Celeste Eugene Danelle
$0 $10,000 $4,600
3rd place: $1,000 New champion: $10,000 2nd place: $2,000

Game dynamics:

Coryat scores:

Celeste Eugene Danelle
$7,400 $14,800 $9,400
16 R,
4 W
20 R
(including 1 DD),
3 W
(including 1 DD)
17 R
(including 1 DD),
4 W

Combined Coryat: $31,600

[game clues] [game scores] [suggest correction]

Game tape date: Unknown
The J! Archive is created by fans, for fans. Scraping, republication, monetization, and malicious use prohibited; this site may use cookies and collect identifying information. See terms. The Jeopardy! game show and all elements thereof, including but not limited to copyright and trademark thereto, are the property of Jeopardy Productions, Inc. and are protected under law. This website is not affiliated with, sponsored by, or operated by Jeopardy Productions, Inc. Join the discussion at JBoard.tv.